000 004060000a22001570004500
020 _a0 521 060657 5
060 _a100
082 _a582.130 12 REN
100 _aRendle, Alfred Barton
245 _aClassification of flowering plants V.2 dicotyledons
260 _aLondon, Cambridge University Press
260 _c1975
300 _a640
650 _aflowering plants - classification
942 _cBK
999 _c359778
_d359778